000 00472nam a2200193Ia 4500
003 GCL
008 140319s9999 xx 000 0 eng d
040 _aGCL /
_cGCL
082 0 4 _a621.37
_bP E
100 1 _aPESSEY, CHRISTIAN
245 1 0 _aL' ELECTRICITE /
_cPESSEY, CHRISTIAN
700 1 _aGUEDJ, MARCEL
260 _a[S.N] :
_bCIL ،
_c1993
300 _a127 P
490 _aLE LIVRE DE POCHE
_v0
650 0 4 _aSCIENCE
650 0 4 _aELECTRICITY
942 _2ddc
_cBK
999 _c15284
_d15284